000 03195cam a22004454i 4500
003 PE-LiUPU
005 20250731165417.0
008 151203s2007 pe grm 000 0 spa d
035 _a(Sirsi) a155414
040 _aPE-LiUPU
_bspa
_cPE-LiUPU
_erda
099 _aSP 3
_bV29 2007
100 1 _aVaras Hilario, Zoila Lourdes,
_eautor
245 1 _aEfectividad del programa "Alto al riesgo" en la prevención de las ITS - VIH SIDA en el personal de Tropa de la legion peruana de la guardia del Ejército del Perú /
_cZoila Lourdes Varas Hilario.
264 0 _c2007.
300 _a147 hojas
_c31 cm
336 _atext
_2rdacontent
337 _aunmediated
_2rdamedia
338 _avolume
_2rdacarrier
502 _aTesis
_b(Mg.) --
_cUniversidad Peruana Unión,
_d2007.
504 _aIncluye referencias
520 3 _aLos programas de intervención para la prevención de las ITS y VIH/SIDA han dado resultados significativos en poblaciones militares en distintas partes del mundo. En el Perú, a pesar de que existen programas de prevención en ITS y VIH/SIDA y la evaluación de su efectividad en una población de tropa del Ejercito del Perú. El presente estudio de investigación intervención tuvo como objetivo evaluar la efectividad del programa "Alto Riesgo" en la prevención de las ITS y VIH/SIDA en la población de tropa de la Legión de Guardia del Ejército del Perú. El presente estudio de investigación intervención tuvo como objetivo evaluar la efectividad del programa "Alto al Riesgo" en la prevención de las ITS y VIH/SIDA, en la población de tropa de la Legión Peruana de la Guardia, Ejército del Perú. El estudio fue de tipo pre-experimental, siguiendo el diseño pre prueba y post prueba. La muestra estuvo conformada por 24 participantes. Para evaluar la diferencia en proporciones, se utilizó la prueba Chi cuadrado, tomando como estadísticamente significativos valores de p menores a 0.05 (p < 0.05). La intervención tuvo una duración de 12 semanas. Resultados: a) respecto a los conocimientos, la media de la calificación obtenida antes de la intervención fue 52.42% y después de la intervención, 76.29% (p = 0.13); b) en relación a las actitudes, la media se incrementó de 69.46% antes de la intervención a 77.25% después de la intervención (p=0.50); y c) referente a las prácticas, la media mejoró de 69.58%, previo a la intervención, a 75.25l% después de la intervención (p=0.75). El programa "Alto al riesgo" tuvo un impacto positivo frente a la prevención de las ITS y VIH/SIDA, porque se mejoraron los conocimientos, actitudes y prácticas del personal de tropa de la Legión Peruana de la Guardia.
526 _aSEG44
526 _aSEG26
526 _aP151
526 _aP150
526 _aP149
526 _aP146
526 _aP145
526 _aP126
526 _aP125
526 _aP92
526 _aP75
526 _aP74
526 _aP27
526 _aP15
650 0 4 _aSida
_xPrevención.
596 _a1
942 _2ddc
_cTESIS
999 _aSP 3 V29 2007
_wALPHANUM
_c8095
_iT01026
_lCCODEBUL3
_mBUL
_r1
_sY
_tTESIS
_u2015-12-3
_xPOSGRADO
_PP82
_o.STAFF. Tesis
_d8095
980 _81
_gALBERTO SANCHEZ Responsable de Automatización